[Event "Ostravsky konik 2010 MCR Open"]
[Site "Ostrava"]
[Date "2010.05.01"]
[Round "1.1"]
[White "Navara, David"]
[Black "Sobek, Jaroslav"]
[Result "1-0"]
[WhiteElo "2718"]
[BlackElo "2303"]
[Annotator "www.nss.cz"]
[PlyCount "73"]
[EventDate "2010.05.09"]
[EventType "swiss"]
[EventCountry "CZE"]

1. c4 Nf6 2. Nf3 g6 3. d4 Bg7 4. g3 d6 5. Bg2 O-O 6. Nc3 c6 7. O-O Nbd7 8. e4
e5 9. b3 Re8 10. Re1 a6 11. h3 exd4 12. Nxd4 c5 13. Nc2 Ne5 14. f4 Nc6 15. Bb2
Nh5 16. Kh2 Rb8 17. Rb1 b5 18. cxb5 axb5 19. e5 Nb4 20. Qxd6 Nxc2 21. Qxb8 Nxe1
22. Rxe1 Qd3 23. Ne4 Rd8 24. Qc7 Bf5 25. Re3 Qxe3 26. Qxd8+ Bf8 27. Qd2 Qxd2
28. Nxd2 Bd7 29. Ne4 Be7 30. Nc3 Ng7 31. a4 bxa4 32. bxa4 Bd8 33. Bf1 Ne6 34.
Bb5 Bc8 35. Ne4 Bb7 36. Nd6 Bf3 37. Be8 1-0

[Event "Ostravsky konik 2010 MCR Open"]
[Site "Ostrava"]
[Date "2010.05.01"]
[Round "1.2"]
[White "Vaculik, Martin"]
[Black "Hracek, Zbynek"]
[Result "0-1"]
[WhiteElo "2298"]
[BlackElo "2632"]
[Annotator "www.nss.cz"]
[PlyCount "60"]
[EventDate "2010.05.09"]
[EventType "swiss"]
[EventCountry "CZE"]

1. e4 c5 2. Nf3 d6 3. d4 cxd4 4. Nxd4 Nf6 5. Nc3 e6 6. Be2 Be7 7. O-O O-O 8. f4
Nc6 9. Kh1 Bd7 10. Nb3 Rc8 11. Bf3 a6 12. a4 Nb4 13. e5 dxe5 14. fxe5 Nfd5 15.
Nxd5 Nxd5 16. c3 Qc7 17. Re1 Rfd8 18. Nd4 Be8 19. Qe2 h6 20. Qf2 b5 21. axb5
axb5 22. Qg3 Kh8 23. Re4 Bf8 24. Bxh6 gxh6 25. Rg4 Ne7 26. Qf4 Bg7 27. Rxg7
Kxg7 28. Qf6+ Kg8 29. Rf1 Ng6 30. Nxe6 Qxe5 0-1

[Event "Ostravsky konik 2010 MCR Open"]
[Site "Ostrava"]
[Date "2010.05.01"]
[Round "1.3"]
[White "Stocek, Jiri"]
[Black "Obsivac, Josef"]
[Result "1/2-1/2"]
[WhiteElo "2593"]
[BlackElo "2295"]
[Annotator "www.nss.cz"]
[PlyCount "105"]
[EventDate "2010.05.09"]
[EventType "swiss"]
[EventCountry "CZE"]

1. d4 Nf6 2. c4 c5 3. d5 e5 4. Nc3 d6 5. e4 Be7 6. h3 h5 7. Bd3 Nbd7 8. Be3 h4
9. Qd2 Nh5 10. Nf3 Bf6 11. Ne2 Rg8 12. g4 hxg3 13. fxg3 g5 14. O-O-O b5 15.
cxb5 a6 16. Nc3 Nb6 17. Qf2 axb5 18. Bxb5+ Bd7 19. Bc6 Na4 20. Bxa4 Bxa4 21.
Rdf1 Qd7 22. Nh2 Bb5 23. Rd1 Bc4 24. Qf3 Rh8 25. Ng4 Bd8 26. b3 Ba6 27. Rh2 Rb8
28. Rb2 Qc7 29. Bd2 Rb4 30. Ne3 Nf6 31. Nf5 c4 32. Bxg5 cxb3 33. Ng7+ Kf8 34.
Bxf6 Bxf6 35. Ne6+ fxe6 36. Qxf6+ Kg8 37. Qg6+ Qg7 38. Qxe6+ Kh7 39. Qf5+ Kh6
40. Rxb3 Rxb3 41. axb3 Rf8 42. Qe6+ Kh7 43. Kc2 Rf2+ 44. Rd2 Qb7 45. Qe8 Qb6
46. Qe6 Kg7 47. Qe7+ Kg6 48. Qe8+ Kg7 49. Qd7+ Kh6 50. Qc6 Bd3+ 51. Kc1 Qe3 52.
Qxd6+ Kh7 53. Qe7+ 1/2-1/2

[Event "Ostravsky konik 2010 MCR Open"]
[Site "Ostrava"]
[Date "2010.05.01"]
[Round "1.4"]
[White "Jedlicka, Ales"]
[Black "Votava, Jan"]
[Result "0-1"]
[WhiteElo "2293"]
[BlackElo "2587"]
[Annotator "www.nss.cz"]
[PlyCount "116"]
[EventDate "2010.05.09"]
[EventType "swiss"]
[EventCountry "CZE"]

1. d4 d6 2. Nf3 Bg4 3. c4 Nd7 4. Qb3 Rb8 5. Nc3 c6 6. g3 e5 7. Be3 Qa5 8. Bg2
Ngf6 9. O-O Be7 10. h3 Bxf3 11. exf3 O-O 12. Rad1 exd4 13. Bxd4 Nc5 14. Qc2 Ne6
15. Be3 Rfd8 16. f4 Nc7 17. Rfe1 Bf8 18. Qa4 Qxa4 19. Nxa4 d5 20. b3 Bb4 21.
Rf1 b5 22. cxb5 Nxb5 23. Rd3 d4 24. Bd2 Nc3 25. Bxc3 dxc3 26. Rxd8+ Rxd8 27.
Rc1 Rd2 28. Nxc3 Bc5 29. Rd1 Bxf2+ 30. Kh2 Rxd1 31. Nxd1 Be1 32. Bxc6 Nh5 33.
g4 Nxf4 34. Be4 Bb4 35. h4 Bd6 36. Kg1 Bc5+ 37. Kf1 Ng6 38. Bxg6 hxg6 39. Ke2
Kf8 40. Nb2 Ke7 41. Nd3 Bd6 42. a4 f5 43. gxf5 gxf5 44. h5 Ke6 45. Nb2 Ba3 46.
Nc4 Bc1 47. Kf3 Kd5 48. Na5 a6 49. Nc4 Bg5 50. Ne3+ Bxe3 51. Kxe3 a5 52. Kf4
Ke6 53. Kg5 Ke5 54. Kg6 f4 55. Kxg7 f3 56. h6 f2 57. h7 f1=Q 58. h8=Q Qf6+ 0-1

[Event "Ostravsky konik 2010 MCR Open"]
[Site "Ostrava"]
[Date "2010.05.01"]
[Round "1.5"]
[White "Babula, Vlastimil"]
[Black "Vrana, Frantisek"]
[Result "1-0"]
[WhiteElo "2536"]
[BlackElo "2287"]
[Annotator "www.nss.cz"]
[PlyCount "67"]
[EventDate "2010.05.09"]
[EventType "swiss"]
[EventCountry "CZE"]

1. d4 g6 2. c4 Bg7 3. e4 d6 4. Nc3 Nf6 5. f4 O-O 6. Nf3 c5 7. dxc5 Qa5 8. Bd3
Qxc5 9. Qe2 Na6 10. Be3 Qc7 11. Rc1 Nc5 12. Bb1 Re8 13. O-O Bg4 14. h3 Bd7 15.
e5 Nh5 16. Qf2 f5 17. b4 Na6 18. Nb5 Qd8 19. a3 Nc7 20. Ba2 Kh8 21. Rfd1 Ne6
22. c5 a6 23. Nbd4 Nxd4 24. Bxd4 Ba4 25. Ng5 Qb8 26. exd6 Bxd1 27. Rxd1 Nf6 28.
Qh4 h5 29. Ne6 Rg8 30. dxe7 Ne8 31. Qg5 Kh7 32. Nf8+ Rxf8 33. exf8=N+ Bxf8 34.
Bf7 1-0

[Event "Ostravsky konik 2010 MCR Open"]
[Site "Ostrava"]
[Date "2010.05.01"]
[Round "1.6"]
[White "Indrak, Igor"]
[Black "Polak, Tomas"]
[Result "0-1"]
[WhiteElo "2269"]
[BlackElo "2525"]
[Annotator "www.nss.cz"]
[PlyCount "54"]
[EventDate "2010.05.09"]
[EventType "swiss"]
[EventCountry "CZE"]

1. c4 b6 2. Nf3 Bb7 3. g3 g6 4. Bg2 Bg7 5. Nc3 f5 6. d4 Nf6 7. Bg5 O-O 8. O-O
Ne4 9. Nxe4 Bxe4 10. Ne1 Bxg2 11. Kxg2 h6 12. Bc1 d5 13. cxd5 Qxd5+ 14. Nf3 Nc6
15. e3 Rfd8 16. Qe2 Qe4 17. Kg1 Nxd4 18. Qc4+ Ne6 19. Qxe4 fxe4 20. Nd2 Bxb2
21. Bxb2 Rxd2 22. Bc3 Rc2 23. Rfc1 Rxc1+ 24. Rxc1 Rd8 25. Kf1 c5 26. a4 Ng5 27.
Be5 Nf3 0-1

[Event "Ostravsky konik 2010 MCR Open"]
[Site "Ostrava"]
[Date "2010.05.01"]
[Round "1.7"]
[White "Simacek, Pavel"]
[Black "Olsarova, Tereza"]
[Result "1-0"]
[WhiteElo "2518"]
[BlackElo "2269"]
[Annotator "www.nss.cz"]
[PlyCount "59"]
[EventDate "2010.05.09"]
[EventType "swiss"]
[EventCountry "CZE"]

1. d4 d5 2. Nf3 Nf6 3. Bg5 Bf5 4. Bxf6 exf6 5. e3 Bd6 6. Bd3 Be4 7. c4 c6 8.
Nc3 Qe7 9. Bxe4 dxe4 10. Nd2 f5 11. g4 g6 12. gxf5 gxf5 13. Qh5 Qe6 14. f3 Bb4
15. fxe4 fxe4 16. Rf1 Bxc3 17. bxc3 Nd7 18. Qf5 Qxf5 19. Rxf5 Rg8 20. Kf2 Ke7
21. Nxe4 Ke6 22. Rh5 Rg4 23. Rh6+ Ke7 24. Ng3 Nf6 25. Kf3 Rg6 26. e4 Ke6 27.
Rh4 Rag8 28. e5 Ng4 29. Ne2 R6g7 30. Rh1 1-0

[Event "Ostravsky konik 2010 MCR Open"]
[Site "Ostrava"]
[Date "2010.05.01"]
[Round "1.8"]
[White "Sikorova, Olga"]
[Black "Haba, Petr"]
[Result "1-0"]
[WhiteElo "2268"]
[BlackElo "2513"]
[Annotator "www.nss.cz"]
[PlyCount "136"]
[EventDate "2010.05.09"]
[EventType "swiss"]
[EventCountry "CZE"]

1. e4 c5 2. Nc3 e6 3. f4 Nc6 4. Nf3 Nge7 5. Bb5 a6 6. Bxc6 Nxc6 7. d3 Be7 8.
O-O O-O 9. Qe1 d5 10. e5 f5 11. a3 d4 12. Ne2 b5 13. h3 Bb7 14. g4 c4 15. gxf5
exf5 16. Kh2 Qd5 17. Qg3 Kh8 18. Rg1 Rg8 19. Qf2 Rad8 20. Rb1 cxd3 21. cxd3 Qb3
22. Bd2 Qxd3 23. Rbd1 Qc4 24. Nc1 Rd7 25. Ne1 Nd8 26. Ncd3 Ne6 27. Rc1 Qb3 28.
Bb4 Bxb4 29. axb4 Be4 30. Rg3 Qd5 31. Nc5 Rc7 32. Rd1 Rxc5 33. bxc5 Qxc5 34.
Ra3 Qb6 35. Rc1 b4 36. Rg3 Rd8 37. Nf3 Bxf3 38. Qxf3 Qa5 39. Rc6 Qa2 40. Rg2
Nf8 41. Qd3 Qd5 42. Rxa6 g6 43. Rf2 Ne6 44. Qf3 Qd7 45. Qc6 Qxc6 46. Rxc6 Re8
47. Kg3 Kg7 48. Rd2 Kh6 49. Rb6 Kh5 50. h4 b3 51. Rc6 h6 52. Kf3 Re7 53. Rb6
Re8 54. Rxb3 g5 55. hxg5 hxg5 56. fxg5 Nc5 57. Rb6 Nd7 58. Rh2+ Kxg5 59. Rg2+
Kh5 60. Rh2+ Kg5 61. Rg2+ Kh5 62. Rb5 Nxe5+ 63. Kf4 Nd3+ 64. Kxf5 Kh4 65. Rb7
Rf8+ 66. Kg6 Rg8+ 67. Rg7 Rxg7+ 68. Kxg7 Nf4 1-0

[Event "Ostravsky konik 2010 MCR Open"]
[Site "Ostrava"]
[Date "2010.05.01"]
[Round "1.9"]
[White "Petr, Martin"]
[Black "Ramik, Zdenek"]
[Result "0-1"]
[WhiteElo "2511"]
[BlackElo "2267"]
[Annotator "www.nss.cz"]
[PlyCount "60"]
[EventDate "2010.05.09"]
[EventType "swiss"]
[EventCountry "CZE"]

1. e4 e5 2. Nf3 d6 3. d4 exd4 4. Nxd4 Nf6 5. Nc3 Be7 6. Bf4 O-O 7. Qd2 Nc6 8.
O-O-O Nxd4 9. Qxd4 Be6 10. Kb1 a6 11. f3 b5 12. Qd2 Qb8 13. g4 b4 14. Ne2 d5
15. e5 Nd7 16. Nd4 Qb6 17. Nf5 Rfe8 18. Nxe7+ Rxe7 19. h3 c5 20. Bg3 d4 21. f4
Bd5 22. Bg2 Qb7 23. Bxd5 Qxd5 24. c3 bxc3 25. bxc3 Nb6 26. cxd4 Nc4 27. Qe2
Rb7+ 28. Ka1 cxd4 29. Qd3 Rab8 30. Rh2 Nb2 0-1

[Event "Ostravsky konik 2010 MCR Open"]
[Site "Ostrava"]
[Date "2010.05.01"]
[Round "1.11"]
[White "Talla, Vladimir"]
[Black "Pacl, Vaclav"]
[Result "1/2-1/2"]
[WhiteElo "2505"]
[BlackElo "2263"]
[Annotator "www.nss.cz"]
[PlyCount "77"]
[EventDate "2010.05.09"]
[EventType "swiss"]
[EventCountry "CZE"]

1. e4 e6 2. d4 d5 3. Nc3 Bb4 4. e5 c5 5. a3 Bxc3+ 6. bxc3 Ne7 7. Qg4 Nf5 8. Bd3
h5 9. Qd1 cxd4 10. Bxf5 exf5 11. cxd4 Qa5+ 12. Bd2 Qa4 13. Ne2 Nc6 14. O-O Nxd4
15. Nxd4 Qxd4 16. Qe2 Qc4 17. Qf3 Qe4 18. Qb3 Qc4 19. Qb2 O-O 20. Bb4 Re8 21.
Rad1 Bd7 22. Rd4 Qb5 23. a4 Qxa4 24. Rxd5 Be6 25. Rd4 Rac8 26. c3 Qb5 27. Ra1
b6 28. Rxa7 Qxe5 29. Ra1 Bc4 30. Qd2 Qe2 31. h3 Qxd2 32. Rxd2 Re4 33. Rad1 Rce8
34. Rd8 Rxd8 35. Rxd8+ Kh7 36. Rd6 Re6 37. Rxe6 Bxe6 38. h4 f6 39. f4 1/2-1/2

[Event "Ostravsky konik 2010 MCR Open"]
[Site "Ostrava"]
[Date "2010.05.01"]
[Round "1.13"]
[White "Bernasek, Jan"]
[Black "Adamek, Jiri"]
[Result "1-0"]
[WhiteElo "2495"]
[BlackElo "2254"]
[Annotator "www.nss.cz"]
[PlyCount "131"]
[EventDate "2010.05.09"]
[EventType "swiss"]
[EventCountry "CZE"]

1. d4 Nf6 2. c4 e6 3. Nc3 Bb4 4. e3 O-O 5. Nge2 d5 6. a3 Be7 7. cxd5 exd5 8. g3
c6 9. Bg2 Bf5 10. O-O Qd7 11. Re1 Re8 12. f3 Qc8 13. Nf4 Bf8 14. g4 Be6 15. g5
Nfd7 16. Nxe6 Rxe6 17. e4 dxe4 18. fxe4 c5 19. Bh3 Re8 20. Bf4 cxd4 21. Nd5 Na6
22. Qg4 Nb6 23. Qh5 Qd8 24. Nf6+ gxf6 25. Bf5 Bg7 26. Qxh7+ Kf8 27. gxf6 Qxf6
28. e5 Qd8 29. Re2 d3 30. Rg2 Qd4+ 31. Kh1 Bxe5 32. Qh6+ Ke7 33. Re1 Nd7 34.
Rxe5+ Qxe5 35. Bxe5 Nxe5 36. Qh4+ Kd6 37. Bxd3 Nxd3 38. Qd4+ Kc7 39. Qxd3 Re1+
40. Rg1 Rxg1+ 41. Kxg1 Rf8 42. Qd4 Rd8 43. Qf4+ Kc6 44. Qc4+ Kd6 45. Qxf7 Nc5
46. b4 Nd7 47. Qf4+ Ke6 48. Qc4+ Kd6 49. Qf4+ Ke6 50. Qg4+ Kd6 51. h4 b6 52.
Qg6+ Ke7 53. Qg7+ Ke6 54. h5 a5 55. Qg4+ Kf7 56. Qc4+ Ke7 57. Qe4+ Kf7 58. Qd5+
Ke7 59. bxa5 bxa5 60. Qxa5 Nf6 61. Qc5+ Kf7 62. a4 Rh8 63. Qa7+ Ke6 64. h6 Rh7
65. Qe3+ Kf7 66. a5 1-0

[Event "Ostravsky konik 2010 MCR Open"]
[Site "Ostrava"]
[Date "2010.05.01"]
[Round "1.14"]
[White "Havlikova, Kristyna"]
[Black "Kanovsky, David"]
[Result "0-1"]
[WhiteElo "2251"]
[BlackElo "2489"]
[Annotator "www.nss.cz"]
[PlyCount "94"]
[EventDate "2010.05.09"]
[EventType "swiss"]
[EventCountry "CZE"]

1. e4 c5 2. Nf3 e6 3. c4 a6 4. Nc3 Qc7 5. Be2 b6 6. O-O Bb7 7. d4 cxd4 8. Nxd4
Nf6 9. f3 Bd6 10. g3 h5 11. Kg2 Be5 12. Be3 Nc6 13. Nxc6 Qxc6 14. Qd2 Rc8 15.
Bf4 Qc7 16. Bxe5 Qxe5 17. Rad1 Ke7 18. Qd4 Qxd4 19. Rxd4 d6 20. Rfd1 Rhd8 21.
Na4 e5 22. R4d2 b5 23. cxb5 axb5 24. Bxb5 d5 25. exd5 Nxd5 26. Kf2 f5 27. Re1
Kf6 28. b3 f4 29. Bc4 Ne3 30. Rxd8 Rxd8 31. Nc3 Rc8 32. Rc1 g5 33. a4 g4 34.
Be2 Rd8 35. Nd1 gxf3 36. Bxf3 Ng4+ 37. Bxg4 hxg4 38. gxf4 exf4 39. Ke1 Bf3 40.
Nf2 g3 41. hxg3 fxg3 42. Rc3 Re8+ 43. Ne4+ Rxe4+ 44. Kf1 Rf4 45. Kg1 Kg5 46. a5
Kg4 47. Rc8 Rd4 0-1

[Event "Ostravsky konik 2010 MCR Open"]
[Site "Ostrava"]
[Date "2010.05.01"]
[Round "1.15"]
[White "Rasik, Vitezslav"]
[Black "Novotny, Michal"]
[Result "1-0"]
[WhiteElo "2480"]
[BlackElo "2250"]
[Annotator "www.nss.cz"]
[PlyCount "49"]
[EventDate "2010.05.09"]
[EventType "swiss"]
[EventCountry "CZE"]

1. e4 c5 2. Nf3 d6 3. d4 cxd4 4. Nxd4 Nf6 5. Nc3 a6 6. Be3 e5 7. Nb3 Be6 8. Qd2
Nbd7 9. O-O-O Nb6 10. f4 exf4 11. Bxf4 d5 12. Qe1 Bb4 13. Bg5 O-O 14. e5 Bxc3
15. bxc3 h6 16. Bh4 Qe7 17. exf6 Qa3+ 18. Kd2 Rac8 19. Qg3 g6 20. Qe3 g5 21.
Bxg5 d4 22. Qg3 dxc3+ 23. Ke1 Bg4 24. Qxg4 Kh8 25. Bxh6 1-0

[Event "Ostravsky konik 2010 MCR Open"]
[Site "Ostrava"]
[Date "2010.05.01"]
[Round "1.16"]
[White "Mrva, Marek"]
[Black "Velicka, Petr"]
[Result "0-1"]
[WhiteElo "2248"]
[BlackElo "2479"]
[Annotator "www.nss.cz"]
[PlyCount "85"]
[EventDate "2010.05.09"]
[EventType "swiss"]
[EventCountry "CZE"]

1. e4 c6 2. d4 d5 3. e5 Bf5 4. Nf3 e6 5. a3 c5 6. dxc5 Bxc5 7. b4 Bb6 8. Nbd2
Ne7 9. Be2 O-O 10. Bb2 Nbc6 11. O-O Rc8 12. Rc1 Ng6 13. Re1 Be4 14. Bd3 Bxd3
15. cxd3 a6 16. g3 Nb8 17. Qe2 Qd7 18. h4 Rxc1 19. Rxc1 Rc8 20. Rxc8+ Qxc8 21.
Nf1 Ne7 22. h5 h6 23. g4 Nd7 24. Qd2 Qd8 25. Ng3 Nc6 26. Qf4 Bc7 27. Qe3 Nf8
28. g5 hxg5 29. Nxg5 d4 30. Qd2 Nxe5 31. Kf1 Ng4 32. N3e4 f5 33. Nc5 Qd5 34.
Ke2 Bd6 35. Nf3 e5 36. Bc1 Bxc5 37. bxc5 Ne6 38. Qc2 Nxc5 39. Bb2 e4 40. Ne1
Ne5 41. Qd2 Nexd3 42. h6 f4 43. Bc1 0-1

[Event "Ostravsky konik 2010 MCR Open"]
[Site "Ostrava"]
[Date "2010.05.01"]
[Round "1.18"]
[White "Folk, Petr"]
[Black "Krejci, Jan ml"]
[Result "0-1"]
[WhiteElo "2244"]
[BlackElo "2455"]
[Annotator "www.nss.cz"]
[PlyCount "88"]
[EventDate "2010.05.09"]
[EventType "swiss"]
[EventCountry "CZE"]

1. e4 c5 2. Nf3 Nc6 3. d4 cxd4 4. Nxd4 Nf6 5. Nc3 d6 6. Bc4 e6 7. Be3 a6 8. Qe2
Be7 9. O-O-O Qc7 10. Bb3 O-O 11. g4 Nxd4 12. Rxd4 Nd7 13. g5 Nc5 14. Qh5 g6 15.
Qh6 f5 16. exf5 Rxf5 17. Ne4 Nxe4 18. Rxe4 d5 19. Rd4 b5 20. Rhd1 Bb7 21. Re4
Bf8 22. Qh3 Re8 23. Rh4 b4 24. Kb1 Rc8 25. Rc1 Qf7 26. f4 Qg7 27. Rd1 Qh8 28.
Bd4 Bg7 29. Bxg7 Qxg7 30. Qe3 Qd7 31. Re1 Re8 32. Rh3 a5 33. Qd4 Qg7 34. Qd2
Qf7 35. Rh4 Qd7 36. Bc4 Rf7 37. Bd3 Qd6 38. Qe3 Ba6 39. Bxa6 Qxa6 40. Qd4 Qd6
41. Re5 Rc8 42. b3 Qa6 43. Rg4 Qf1+ 44. Kb2 Rfc7 0-1

[Event "Ostravsky konik 2010 MCR Open"]
[Site "Ostrava"]
[Date "2010.05.01"]
[Round "1.20"]
[White "Haba, Zdenek"]
[Black "Volosin, Leonid"]
[Result "0-1"]
[WhiteElo "2233"]
[BlackElo "2452"]
[Annotator "www.nss.cz"]
[PlyCount "86"]
[EventDate "2010.05.09"]
[EventType "swiss"]
[EventCountry "CZE"]

1. e4 c5 2. Nc3 Nc6 3. g3 g6 4. Bg2 Bg7 5. d3 d6 6. Be3 Nf6 7. h3 O-O 8. Nge2
Rb8 9. Qd2 b5 10. O-O b4 11. Nd1 a5 12. f4 Nd7 13. f5 Nb6 14. Bh6 Ne5 15. Bxg7
Kxg7 16. Ne3 f6 17. h4 Rg8 18. Kh2 Kh8 19. fxg6 Rxg6 20. Nf4 Rg8 21. Bh3 Bxh3
22. Nxh3 d5 23. Rad1 d4 24. Ng2 Ng4+ 25. Kg1 Nd7 26. Rf5 Nde5 27. Rdf1 Qd6 28.
Qf4 Rg7 29. h5 e6 30. Rxf6 Nxf6 31. Qxf6 Ng4 32. Qf4 Qxf4 33. Nhxf4 Re8 34. Ra1
Ne5 35. Kf2 Reg8 36. Ne2 Rf7+ 37. Ngf4 Ng4+ 38. Ke1 e5 39. Nh3 Rgf8 40. Kd2 Rf1
41. Rxf1 Rxf1 42. c3 Ne3 43. cxd4 cxd4 0-1

[Event "Ostravsky konik 2010 MCR Open"]
[Site "Ostrava"]
[Date "2010.05.01"]
[Round "1.21"]
[White "Hausner, Ivan"]
[Black "Malik, Jan"]
[Result "1/2-1/2"]
[WhiteElo "2451"]
[BlackElo "2232"]
[Annotator "www.nss.cz"]
[PlyCount "47"]
[EventDate "2010.05.09"]
[EventType "swiss"]
[EventCountry "CZE"]

1. c4 e6 2. g3 Nf6 3. Bg2 d5 4. Nf3 Be7 5. O-O O-O 6. d4 c6 7. Nc3 b6 8. b3
Nbd7 9. Bb2 Bb7 10. Qc2 Rc8 11. Rad1 Rc7 12. e4 Qa8 13. e5 Ne8 14. cxd5 cxd5
15. Qd3 Qc8 16. Nb5 Ba6 17. a4 Nb8 18. Qb1 Bxb5 19. axb5 a6 20. bxa6 Nxa6 21.
Rfe1 Qd7 22. Bf1 Nb4 23. Rc1 Ra7 24. Red1 1/2-1/2

[Event "Ostravsky konik 2010 MCR Open"]
[Site "Ostrava"]
[Date "2010.05.01"]
[Round "1.24"]
[White "Splichal, Stanislav"]
[Black "Orsag, Milan"]
[Result "0-1"]
[WhiteElo "2219"]
[BlackElo "2419"]
[Annotator "www.nss.cz"]
[PlyCount "158"]
[EventDate "2010.05.09"]
[EventType "swiss"]
[EventCountry "CZE"]

1. d4 d5 2. Nf3 c5 3. g3 Nc6 4. Bg2 Nf6 5. O-O e6 6. c4 Be7 7. Nc3 O-O 8. cxd5
exd5 9. dxc5 Bxc5 10. Bg5 d4 11. Bxf6 Qxf6 12. Nd5 Qd8 13. Ne1 a6 14. Nd3 Ba7
15. Rc1 Re8 16. Re1 Bf5 17. Qb3 Rb8 18. N5f4 Be4 19. Bxe4 Rxe4 20. Nc5 Re7 21.
Ncd3 h6 22. h4 Qd7 23. Kg2 Rbe8 24. h5 Bb8 25. Rc5 Bd6 26. Rd5 Qc7 27. Rc1 Re4
28. Rf5 Bxf4 29. Rxf4 Rxe2 30. Qd5 Qe7 31. Nc5 Re5 32. Qc4 b5 33. Qc2 Nb4 34.
Qb3 a5 35. a3 Nc6 36. Nd3 Re6 37. Qxb5 Rb8 38. Qd5 Rd6 39. Qf5 Qe6 40. Re1 Qd5+
41. Qxd5 Rxd5 42. Rc1 Nd8 43. b4 Ne6 44. Re4 axb4 45. axb4 Rxh5 46. Nc5 Nxc5
47. Rxc5 Rxc5 48. bxc5 Rd8 49. c6 Rc8 50. Rxd4 Rxc6 51. Rd7 f5 52. Kf3 Kh7 53.
Kf4 Kg6 54. Ra7 Kf6 55. Ra5 g6 56. Rb5 Rc4+ 57. Kf3 Kg5 58. Rb6 h5 59. Kg2 h4
60. gxh4+ Rxh4 61. Rb5 Rc4 62. Kg3 Rg4+ 63. Kf3 Kh4 64. Rb8 Ra4 65. Rb6 Ra3+
66. Kf4 g5+ 67. Kxf5 Rf3+ 68. Ke4 Rxf2 69. Rg6 g4 70. Ke3 Rf8 71. Rg7 Kh3 72.
Rh7+ Kg2 73. Rg7 g3 74. Ke2 Re8+ 75. Kd2 Kf2 76. Rf7+ Kg1 77. Rg7 g2 78. Rg6
Rh8 79. Ke2 Kh1 0-1

[Event "Ostravsky konik 2010 MCR Open"]
[Site "Ostrava"]
[Date "2010.05.01"]
[Round "1.25"]
[White "Blatny, Pavel"]
[Black "Novotny, Jaroslav"]
[Result "1-0"]
[WhiteElo "2409"]
[BlackElo "2217"]
[Annotator "www.nss.cz"]
[PlyCount "59"]
[EventDate "2010.05.09"]
[EventType "swiss"]
[EventCountry "CZE"]

1. d4 c5 2. c3 e6 3. Nf3 Nf6 4. Bf4 cxd4 5. cxd4 Nc6 6. Nc3 Bb4 7. a3 Bxc3+ 8.
bxc3 Qa5 9. Bd2 Ne4 10. e3 b6 11. Bd3 Nxd2 12. Qxd2 Ba6 13. O-O Rc8 14. Rfc1
O-O 15. e4 d6 16. d5 exd5 17. Bxa6 Qxa6 18. Qxd5 Na5 19. Nd4 Rfe8 20. Qxd6 Rxe4
21. Re1 Qd3 22. Qd7 Rf8 23. Rxe4 Qxe4 24. Rd1 Qb7 25. Qg4 Qc8 26. Nf5 Qxc3 27.
Nh6+ Kh8 28. Nxf7+ Kg8 29. Ng5 Re8 30. Qe6+ 1-0

[Event "Ostravsky konik 2010 MCR Open"]
[Site "Ostrava"]
[Date "2010.05.01"]
[Round "1.28"]
[White "Bartos, Jan"]
[Black "Plat, Vojtech"]
[Result "0-1"]
[WhiteElo "2201"]
[BlackElo "2401"]
[Annotator "www.nss.cz"]
[PlyCount "80"]
[EventDate "2010.05.09"]
[EventType "swiss"]
[EventCountry "CZE"]

1. d4 Nf6 2. Nf3 g6 3. c4 Bg7 4. Nc3 d5 5. Bg5 Ne4 6. Bh4 Nxc3 7. bxc3 c5 8.
cxd5 cxd4 9. cxd4 Qxd5 10. e3 Nc6 11. Be2 O-O 12. O-O e5 13. dxe5 Qa5 14. Bf6
Bxf6 15. exf6 Qf5 16. Nd4 Qxf6 17. Nxc6 Qxc6 18. Bf3 Qf6 19. Qa4 a6 20. Rfd1
Rb8 21. Rac1 Be6 22. a3 Rfd8 23. Rxd8+ Rxd8 24. Rd1 Rxd1+ 25. Qxd1 b5 26. h3
Bc4 27. Kh2 Qe7 28. Qc1 a5 29. Qc3 Qd8 30. g3 Be6 31. Qc5 Qf6 32. Bg2 Qb2 33.
e4 b4 34. axb4 axb4 35. f4 b3 36. f5 gxf5 37. exf5 Qc2 38. Qb6 Qxf5 39. Qd8+
Kg7 40. Qd4+ Qf6 0-1

[Event "Ostravsky konik 2010 MCR Open"]
[Site "Ostrava"]
[Date "2010.05.01"]
[Round "1.29"]
[White "Zpevak, Pavel"]
[Black "Pertlova, Sona"]
[Result "1-0"]
[WhiteElo "2401"]
[BlackElo "2201"]
[Annotator "www.nss.cz"]
[PlyCount "61"]
[EventDate "2010.05.09"]
[EventType "swiss"]
[EventCountry "CZE"]

1. d4 Nf6 2. Nf3 e6 3. c4 b6 4. g3 Ba6 5. Qa4 Bb7 6. Bg2 c5 7. dxc5 bxc5 8. O-O
Be7 9. Nc3 O-O 10. Rd1 d6 11. Bf4 a6 12. Rd2 Qc7 13. Rad1 Rd8 14. Ng5 Bc6 15.
Qc2 Bxg2 16. Kxg2 Nc6 17. Nce4 Nxe4 18. Qxe4 g6 19. Nxe6 fxe6 20. Qxe6+ Kh8 21.
Bxd6 Bxd6 22. Rxd6 Rxd6 23. Rxd6 Nd4 24. Qe5+ Qg7 25. Qxc5 Nxe2 26. Qa5 Re8 27.
Rd8 Qe7 28. Rxe8+ Qxe8 29. b4 Kg7 30. b5 axb5 31. cxb5 1-0

[Event "Ostravsky konik 2010 MCR Open"]
[Site "Ostrava"]
[Date "2010.05.01"]
[Round "1.30"]
[White "Cedikova, Katerina"]
[Black "Lechtynsky, Jiri"]
[Result "1/2-1/2"]
[WhiteElo "2195"]
[BlackElo "2396"]
[Annotator "www.nss.cz"]
[PlyCount "65"]
[EventDate "2010.05.09"]
[EventType "swiss"]
[EventCountry "CZE"]

1. d4 Nf6 2. c4 e6 3. Nf3 b6 4. g3 Bb7 5. Bg2 Be7 6. O-O O-O 7. d5 exd5 8. Nh4
c6 9. cxd5 Nxd5 10. Nf5 Nc7 11. e4 d5 12. Nc3 Nba6 13. Re1 Re8 14. exd5 Nxd5
15. Nxd5 cxd5 16. Rxe7 Rxe7 17. Bg5 f6 18. Bxd5+ Kh8 19. Nxe7 Qxe7 20. Bxb7
Qxb7 21. Be3 Rc8 22. Qd4 Nc5 23. Rd1 h6 24. Qd5 Qe7 25. Bxc5 Rxc5 26. Qd8+ Qxd8
27. Rxd8+ Kh7 28. Rd7 a5 29. b3 Rc2 30. Rb7 Rxa2 31. Rxb6 Kg6 32. Rb7 Rb2 33.
Ra7 1/2-1/2

[Event "Ostravsky konik 2010 MCR Open"]
[Site "Ostrava"]
[Date "2010.05.01"]
[Round "1.31"]
[White "Ponizil, Cyril"]
[Black "Krajina, Ales"]
[Result "1-0"]
[WhiteElo "2392"]
[BlackElo "2195"]
[Annotator "www.nss.cz"]
[PlyCount "57"]
[EventDate "2010.05.09"]
[EventType "swiss"]
[EventCountry "CZE"]

1. e4 Nf6 2. e5 Ng8 3. d4 d5 4. c4 c6 5. Nc3 Be6 6. Nge2 dxc4 7. Nf4 Qc8 8. Be3
Bf5 9. Bxc4 e6 10. g4 Bg6 11. h4 Bb4 12. f3 b5 13. Bb3 h5 14. Bxe6 Nd7 15. Qb3
Bxc3+ 16. bxc3 Ne7 17. Nxg6 fxg6 18. Bg5 Rf8 19. f4 Qc7 20. gxh5 gxh5 21. Rg1
Nd5 22. Qc2 Nxf4 23. Bxf4 Rxf4 24. Qg6+ Ke7 25. Qg5+ Kxe6 26. Qxf4 Rf8 27. Rg6+
Kd5 28. Qg3 Kc4 29. O-O-O 1-0

[Event "Ostravsky konik 2010 MCR Open"]
[Site "Ostrava"]
[Date "2010.05.01"]
[Round "1.33"]
[White "Vyskocil, Neklan"]
[Black "Kapusta, Petr"]
[Result "1-0"]
[WhiteElo "2390"]
[BlackElo "2186"]
[Annotator "www.nss.cz"]
[PlyCount "53"]
[EventDate "2010.05.09"]
[EventType "swiss"]
[EventCountry "CZE"]

1. e4 c5 2. Nf3 d6 3. d4 cxd4 4. Nxd4 Nf6 5. Nc3 a6 6. Bg5 e6 7. f4 Be7 8. Qf3
O-O 9. O-O-O Qc7 10. Bd3 Nc6 11. Nxc6 bxc6 12. Qg3 Rb8 13. e5 dxe5 14. fxe5 Nh5
15. Qh4 Bxg5+ 16. Qxg5 g6 17. g4 f6 18. exf6 Nxf6 19. Rhf1 Qg7 20. Ne4 Nxe4 21.
Rxf8+ Qxf8 22. Bxe4 Bb7 23. h4 Qb4 24. Bxg6 hxg6 25. Qxg6+ Kh8 26. Qf6+ Kg8 27.
Qxe6+ 1-0

[Event "Ostravsky konik 2010 MCR Open"]
[Site "Ostrava"]
[Date "2010.05.01"]
[Round "1.35"]
[White "Nun, Jiri"]
[Black "Vlach, Karel"]
[Result "1-0"]
[WhiteElo "2361"]
[BlackElo "2171"]
[Annotator "www.nss.cz"]
[PlyCount "55"]
[EventDate "2010.05.09"]
[EventType "swiss"]
[EventCountry "CZE"]

1. e4 d6 2. d4 e5 3. dxe5 dxe5 4. Qxd8+ Kxd8 5. Bc4 Nf6 6. f3 Ke7 7. Be3 Be6 8.
Nd2 Nbd7 9. Ne2 Bxc4 10. Nxc4 Ke6 11. O-O Bc5 12. Bxc5 Nxc5 13. f4 Rhd8 14.
fxe5 Nfxe4 15. b4 Na4 16. Rae1 Nd2 17. Rf4 Nxc4 18. Rxc4 c6 19. Rh4 h6 20. Nd4+
Kd7 21. Nf5 Kc7 22. Nxg7 Rd2 23. Rf4 Rd7 24. Ref1 Rg8 25. Rxf7 Rxg7 26. e6 Re7
27. Rxg7 Rxg7 28. Rf7+ 1-0